Представление документа в формате MARC21

ПолеНазваниеЗначение
  Тип записи a
  Библиографический уровень m
001 Контрольный номер RU/URAIT/562271
005 Дата корректировки 20260429163643.7
008 Кодируемые данные 260429s2025 RU y f j 000 0 rus u
020 Индекс ISBN __
a ISBN 978-5-534-01209-5
c Цена, тираж 2579.00
040 Источник каталогиз. __
a Служба первич. каталог. ИКО Юрайт
c Служба, преобразующая запись ИКО Юрайт
e Правила каталог. RCR
041 Код языка издания __
a Код языка текста rus
044 Код страны публикации __
a Код страны публикации RU
080 Индекс УДК __
a Индекс УДК 54(075.32)
084 Индекс другой классификации/Индекс ББК __
2 Источник индекса rubbk
a Индекс другой классификации/Индекс ББК 24я723
100 Автор __
a Автор Никольский А. Б.
q Полное имя Никольский Алексей Борисович
245 Заглавие __
a Заглавие Химия
b Продолж. заглавия учебник и практикум для спо
c Ответственность А. Б. Никольский, А. В. Суворов.
250 Сведения об издании __
g пер. и доп
a Основные сведения об издании 2-е изд.
256 Характеристики компьютерного файла __
a Характеристики компьютерного файла Электрон. дан.
260 Выходные данные __
a Место издания Москва
b Издательство Юрайт
c Дата издания 2025
300 Физическое описание __
a Объем 507 с
440 Серия __
a Серия Профессиональное образование
500 Примечания __
a Примечание URL: https://urait.ru/bcode/562271 (дата обращения: 29.04.2026).
520 Аннотация __
a Аннотация В учебнике, предназначенном для студентов среднего профессионального образования, подробно изложены все основные разделы химии. Рассмотрены положения общей химии, фактический материал неорганической и органической химии, специальные разделы посвящены роли химии в промышленности и экологии, а также методам исследования состава и строения веществ. Каждая глава заканчивается набором оригинальных вопросов и задач. Текст сопровождается большим количеством наглядных иллюстраций.
538 Прим. о системных особенностях __
a Прим. о системных особенностях Режим доступа: Электронно-библиотечная система Юрайт, для авториз. пользователей
653 Ключевые слова __
a Ключевые слова Общая химия
653 Ключевые слова __
a Ключевые слова Естественные науки
653 Ключевые слова __
a Ключевые слова Химия
653 Ключевые слова __
a Ключевые слова Органическая химия
653 Ключевые слова __
a Ключевые слова Основы химии
653 Ключевые слова __
a Ключевые слова Химия органическая
653 Ключевые слова __
a Ключевые слова Химия (основы общей и неорганической, аналитическая)
653 Ключевые слова __
a Ключевые слова Основы органической химии
653 Ключевые слова __
a Ключевые слова Органическая химия. Общие вопросы
653 Ключевые слова __
a Ключевые слова Введение в химию
653 Ключевые слова __
a Ключевые слова Введение в общую химию
653 Ключевые слова __
a Ключевые слова Теоретическая органическая химия
653 Ключевые слова __
a Ключевые слова Фундаментальное естествознание. Химия
653 Ключевые слова __
a Ключевые слова Естествознание: Химия
653 Ключевые слова __
a Ключевые слова Корректирующий курс по химии
653 Ключевые слова __
a Ключевые слова Химия. Органическая химия
653 Ключевые слова __
a Ключевые слова Химия (углубленный уровень)
700 Другие авторы __
a Другие авторы Суворов А. В.
q Полное имя Суворов Андрей Владимирович
856 Электронный адрес документа 40
n Местонахождение сервера Юрайт
g Электронная книга
q Тип электронного формата html
h Имя пользователя ЮРАЙТ
v Часы доступа к ресурсу 20271231
2 Способ доступа Показать документ
x Служебное примечание https://urait.ru/book/cover/883B9171-080C-49EE-B80F-AA5165DCF499
u URL https://urait.ru/bcode/562271
856 Электронный адрес документа 48
q Тип электронного формата cover
u URL https://urait.ru/book/cover/883B9171-080C-49EE-B80F-AA5165DCF499
911 __
u 0030=https://urait.ru/bcode/562271
911 __
u 073a=9785534012095
u 073d=2579.00
911 __
u 106a=s
911 __
u 900l=
952 Тип литературы __
i Дисциплина Химия
952 Тип литературы __
i Дисциплина Органическая химия
952 Тип литературы __
i Дисциплина Основы химии
952 Тип литературы __
i Дисциплина Химия органическая
952 Тип литературы __
i Дисциплина Химия (основы общей и неорганической, аналитическая)
952 Тип литературы __
i Дисциплина Основы органической химии
952 Тип литературы __
i Дисциплина Органическая химия. Общие вопросы
952 Тип литературы __
i Дисциплина Введение в химию
952 Тип литературы __
i Дисциплина Введение в общую химию
952 Тип литературы __
i Дисциплина Теоретическая органическая химия
952 Тип литературы __
i Дисциплина Фундаментальное естествознание. Химия
952 Тип литературы __
i Дисциплина Естествознание: Химия
952 Тип литературы __
i Дисциплина Корректирующий курс по химии
952 Тип литературы __
i Дисциплина Химия. Органическая химия
952 Тип литературы __
i Дисциплина Химия (углубленный уровень)